[Event "European Women's Championship"]
[Site "Vysoke Tatry"]
[Date "2018.04.14"]
[Round "7"]
[White "Babiy, Olga"]
[Black "Milliet, Sophie"]
[Result "1-0"]
[Board "29"]
[WhiteElo "2318"]
[WhiteTitle "WGM"]
[WhiteCountry "UKR"]
[WhiteFideId "14117258"]
[WhiteEloChange "12"]
[BlackElo "2391"]
[BlackTitle "IM"]
[BlackCountry "FRA"]
[BlackFideId "623725"]
[BlackEloChange "-12"]

1. e4 {[%clk 1:30:58]} c5 {[%clk 1:30:56]} 2. Nf3 {[%clk 1:31:23]} e6 {[%clk
1:31:20]} 3. d4 {[%clk 1:31:44]} cxd4 {[%clk 1:31:47]} 4. Nxd4 {[%clk 1:32:10]}
Nc6 {[%clk 1:32:14]} 5. Nc3 {[%clk 1:32:32]} Qc7 {[%clk 1:32:40]} 6. Be2 {[%clk
1:32:32]} a6 {[%clk 1:32:59]} 7. O-O {[%clk 1:32:47]} Nf6 {[%clk 1:33:18]} 8. Be3
{[%clk 1:32:53]} Be7 {[%clk 1:33:12]} 9. f4 {[%clk 1:32:42]} d6 {[%clk 1:33:36]}
10. Qe1 {[%clk 1:32:13]} O-O {[%clk 1:33:27]} 11. Qg3 {[%clk 1:32:17]} Nxd4
{[%clk 1:33:39]} 12. Bxd4 {[%clk 1:32:42]} b5 {[%clk 1:34:05]} 13. a3 {[%clk
1:32:50]} Bb7 {[%clk 1:34:32]} 14. Kh1 {[%clk 1:32:43]} Rad8 {[%clk 1:32:04]} 15.
Rae1 {[%clk 1:29:46]} Bc6 {[%clk 1:31:40]} 16. Bd3 {[%clk 1:23:56]} Qd7 {[%clk
1:31:52]} 17. Re2 {[%clk 1:13:53]} Nh5 {[%clk 1:18:26]} 18. Qf2 {[%clk 1:08:55]}
e5 {[%clk 1:16:37]} 19. fxe5 {[%clk 0:51:59]} dxe5 {[%clk 1:17:04]} 20. Bxe5
{[%clk 0:52:23]} f6 {[%clk 1:17:31]} 21. Bf4 {[%clk 0:52:43]} Nxf4 {[%clk
1:17:48]} 22. Qxf4 {[%clk 0:53:10]} Bd6 {[%clk 1:18:12]} 23. Qh4 {[%clk 0:53:16]}
Be5 {[%clk 1:15:14]} 24. Nd1 {[%clk 0:52:37]} g6 {[%clk 1:05:30]} 25. Re3 {[%clk
0:49:10]} Qb7 {[%clk 1:03:44]} 26. Qh3 {[%clk 0:48:13]} Bd7 {[%clk 1:01:25]} 27.
Qh4 {[%clk 0:45:29]} Be6 {[%clk 0:59:25]} 28. Ref3 {[%clk 0:44:33]} a5 {[%clk
0:44:16]} 29. Ne3 {[%clk 0:32:38]} Qc6 {[%clk 0:37:16]} 30. Nd5 {[%clk 0:28:42]}
Rxd5 {[%clk 0:37:33]} 31. exd5 {[%clk 0:28:46]} Bxd5 {[%clk 0:38:01]} 32. R3f2
{[%clk 0:27:18]} f5 {[%clk 0:23:33]} 33. c3 {[%clk 0:21:10]} f4 {[%clk 0:19:58]}
34. Be2 {[%clk 0:20:45]} Qc5 {[%clk 0:20:00]} 35. Qg5 {[%clk 0:19:26]} Re8 {[%clk
0:10:02]} 36. Bd3 {[%clk 0:17:42]} f3 {[%clk 0:07:05]} 37. gxf3 {[%clk 0:15:57]}
Rf8 {[%clk 0:01:28]} 38. Qd2 {[%clk 0:09:50]} Rf4 {[%clk 0:01:29]} 39. Qe2 {[%clk
0:08:58]} b4 {[%clk 0:01:39]} 40. axb4 {[%clk 0:36:51]} axb4 {[%clk 0:31:58]} 41.
Qxe5 {[%clk 0:23:41]} Bxf3+ {[%clk 0:32:18]} 42. Rxf3 {[%clk 0:23:57]} Qxe5
{[%clk 0:32:42]} 43. Rxf4 {[%clk 0:24:21]} bxc3 {[%clk 0:33:03]} 44. bxc3 {[%clk
0:24:47]} Qxc3 {[%clk 0:33:16]} 45. R4f3 {[%clk 0:25:04]} Qc6 {[%clk 0:33:14]}
46. Kg2 {[%clk 0:24:37]} Kg7 {[%clk 0:32:40]} 47. Re1 {[%clk 0:24:22]} Qc5 {[%clk
0:30:44]} 48. Re2 {[%clk 0:23:39]} Qg5+ {[%clk 0:30:21]} 49. Rg3 {[%clk 0:23:57]}
Qd5+ {[%clk 0:27:17]} 50. Be4 {[%clk 0:24:23]} Qd4 {[%clk 0:26:48]} 51. Rd3
{[%clk 0:24:14]} Qc5 {[%clk 0:25:22]} 52. Rd5 {[%clk 0:24:34]} Qc1 {[%clk
0:25:20]} 53. Rc2 {[%clk 0:24:04]} Qe3 {[%clk 0:24:57]} 54. Rc7+ {[%clk 0:22:47]}
Kh6 {[%clk 0:21:26]} 55. Bf3 {[%clk 0:22:50]} Qb3 {[%clk 0:16:45]} 56. h4 {[%clk
0:16:41]} Qb2+ {[%clk 0:14:03]} 57. Kg3 {[%clk 0:16:57]} Qa1 {[%clk 0:12:51]} 58.
Rdd7 {[%clk 0:16:33]} Qg1+ {[%clk 0:13:12]} 59. Bg2 {[%clk 0:12:36]} Qe3+ {[%clk
0:13:18]} 60. Kg4 {[%clk 0:12:16]} Qe6+ {[%clk 0:13:12]} 61. Kf4 {[%clk 0:11:17]}
Qf6+ {[%clk 0:10:34]} 62. Kg3 {[%clk 0:10:41]} Qe5+ {[%clk 0:10:55]} 63. Kf3
{[%clk 0:10:31]} Qf6+ {[%clk 0:11:05]} 64. Kg3 {[%clk 0:08:55]} Qe5+ {[%clk
0:11:30]} 65. Kf2 {[%clk 0:07:12]} Qf4+ {[%clk 0:11:16]} 66. Ke2 {[%clk 0:07:25]}
Qe5+ {[%clk 0:11:15]} 67. Kd1 {[%clk 0:05:57]} Qa1+ {[%clk 0:11:20]} 68. Kc2
{[%clk 0:06:00]} Qa2+ {[%clk 0:11:21]} 69. Kd3 {[%clk 0:05:44]} Qa6+ {[%clk
0:08:57]} 70. Kd4 {[%clk 0:04:59]} Qb6+ {[%clk 0:07:53]} 71. Kc4 {[%clk 0:04:11]}
Qa6+ {[%clk 0:08:13]} 72. Kc5 {[%clk 0:04:24]} Qa5+ {[%clk 0:08:33]} 73. Kd6
{[%clk 0:04:15]} Qb6+ {[%clk 0:05:30]} 74. Bc6 {[%clk 0:04:16]} Qb4+ {[%clk
0:05:49]} 75. Kd5 {[%clk 0:04:29]} Qd2+ {[%clk 0:02:45]} 76. Kc5 {[%clk 0:04:45]}
Qe3+ {[%clk 0:03:00]} 77. Kb5 {[%clk 0:04:57]} Qe2+ {[%clk 0:03:16]} 78. Kb6
{[%clk 0:05:08]} Qe3+ {[%clk 0:03:26]} 79. Kb7 {[%clk 0:04:49]} Qb3+ {[%clk
0:03:47]} 80. Kc8 {[%clk 0:03:00]} Qg8+ {[%clk 0:04:14]} 81. Rd8 {[%clk 0:03:13]}
Qe6+ {[%clk 0:04:40]} 82. Kb8 {[%clk 0:03:26]} g5 {[%clk 0:02:20]} 83. Bb7 {[%clk
0:02:31]} Qe5 {[%clk 0:00:42]} 84. Rd5 {[%clk 0:02:45]} Qf4 {[%clk 0:00:35]} 85.
hxg5+ {[%clk 0:02:59]} Kh5 {[%clk 0:00:43]} 86. Rc5 {[%clk 0:02:29]} Qf8+ {[%clk
0:00:35]} 87. Ka7 {[%clk 0:02:40]} Qg8 {[%clk 0:00:34]} 88. g6+ {[%clk 0:01:39]}
Kxg6 {[%clk 0:00:53]} 89. Be4+ {[%clk 0:02:01]} Kf6 {[%clk 0:01:08]} 90. Rf5+
{[%clk 0:02:16]} 1-0

[Event "European Women's Championship"]
[Site "Vysoke Tatry"]
[Date "2018.04.14"]
[Round "7"]
[White "Gara, Anita"]
[Black "Mrvova, Alena"]
[Result "1-0"]
[Board "30"]
[WhiteElo "2369"]
[WhiteTitle "IM"]
[WhiteCountry "HUN"]
[WhiteFideId "709751"]
[WhiteEloChange "5"]
[BlackElo "2179"]
[BlackTitle "WIM"]
[BlackCountry "SVK"]
[BlackFideId "14902036"]
[BlackEloChange "-5"]

1. e4 {[%clk 1:30:58]} c5 {[%clk 1:30:37]} 2. Nf3 {[%clk 1:31:23]} d6 {[%clk
1:30:26]} 3. d4 {[%clk 1:31:47]} cxd4 {[%clk 1:30:49]} 4. Nxd4 {[%clk 1:32:13]}
Nf6 {[%clk 1:30:39]} 5. Nc3 {[%clk 1:32:40]} a6 {[%clk 1:30:42]} 6. h4 {[%clk
1:32:36]} e5 {[%clk 1:23:08]} 7. Nb3 {[%clk 1:32:54]} Be6 {[%clk 1:20:49]} 8. f4
{[%clk 1:32:31]} Bg4 {[%clk 1:14:55]} 9. Be2 {[%clk 1:31:55]} h5 {[%clk 1:12:33]}
10. Be3 {[%clk 1:25:38]} Nbd7 {[%clk 1:10:48]} 11. f5 {[%clk 1:19:37]} Rc8 {[%clk
1:04:47]} 12. Bxg4 {[%clk 1:06:22]} Nxg4 {[%clk 1:01:02]} 13. Bg5 {[%clk
1:02:39]} Qb6 {[%clk 0:57:15]} 14. Qe2 {[%clk 1:01:40]} f6 {[%clk 0:54:57]} 15.
Bd2 {[%clk 1:00:46]} Qc7 {[%clk 0:52:46]} 16. O-O-O {[%clk 0:52:41]} b5 {[%clk
0:49:19]} 17. Kb1 {[%clk 0:47:50]} Nb6 {[%clk 0:47:08]} 18. a3 {[%clk 0:41:02]}
Nc4 {[%clk 0:40:48]} 19. Rh3 {[%clk 0:39:30]} Qa7 {[%clk 0:36:08]} 20. Be1 {[%clk
0:35:45]} Nb6 {[%clk 0:30:19]} 21. Na5 {[%clk 0:28:09]} Be7 {[%clk 0:28:09]} 22.
Bf2 {[%clk 0:23:01]} Qc7 {[%clk 0:23:51]} 23. Rhd3 {[%clk 0:19:06]} Nc4 {[%clk
0:18:47]} 24. Nxc4 {[%clk 0:18:59]} bxc4 {[%clk 0:18:14]} 25. Rg3 {[%clk
0:14:20]} Qb7 {[%clk 0:17:20]} 26. Nd5 {[%clk 0:14:07]} Bd8 {[%clk 0:12:05]} 27.
Be1 {[%clk 0:13:42]} O-O {[%clk 0:11:04]} 28. Ka1 {[%clk 0:12:30]} Bb6 {[%clk
0:09:42]} 29. Bc3 {[%clk 0:08:06]} Qa7 {[%clk 0:08:02]} 30. Qd2 {[%clk 0:08:12]}
Bc5 {[%clk 0:07:51]} 31. Bb4 {[%clk 0:06:19]} Bf2 {[%clk 0:07:00]} 32. Rf3 {[%clk
0:06:01]} Rfd8 {[%clk 0:06:48]} 33. Ba5 {[%clk 0:05:33]} Rd7 {[%clk 0:07:04]} 34.
Rxf2 {[%clk 0:04:09]} Qxf2 {[%clk 0:07:08]} 35. Nb6 {[%clk 0:04:37]} Qxd2 {[%clk
0:06:58]} 36. Rxd2 {[%clk 0:04:49]} Rcd8 {[%clk 0:06:34]} 37. Nxc4 {[%clk
0:04:42]} Rb8 {[%clk 0:06:21]} 38. Nxd6 {[%clk 0:04:48]} Nh6 {[%clk 0:05:31]} 39.
c4 {[%clk 0:03:38]} Nf7 {[%clk 0:05:21]} 40. c5 {[%clk 0:32:59]} Nxd6 {[%clk
0:33:45]} 41. c6 {[%clk 0:27:57]} Rdb7 {[%clk 0:24:48]} 42. cxb7 {[%clk 0:24:38]}
Nxb7 {[%clk 0:25:14]} 43. Bb6 {[%clk 0:21:45]} Rc8 {[%clk 0:25:10]} 44. Rd7
{[%clk 0:21:36]} Nc5 {[%clk 0:24:56]} 45. Bxc5 {[%clk 0:21:22]} Rxc5 {[%clk
0:25:23]} 46. Ra7 {[%clk 0:18:38]} Rc6 {[%clk 0:20:05]} 47. Kb1 {[%clk 0:18:16]}
Kh7 {[%clk 0:20:30]} 48. b4 {[%clk 0:15:36]} Kh6 {[%clk 0:19:21]} 49. Re7 {[%clk
0:14:05]} g6 {[%clk 0:16:49]} 50. Re6 {[%clk 0:13:43]} Rxe6 {[%clk 0:12:17]} 51.
fxe6 {[%clk 0:14:09]} Kg7 {[%clk 0:12:43]} 52. a4 {[%clk 0:14:32]} f5 {[%clk
0:13:09]} 53. b5 {[%clk 0:14:26]} 1-0

[Event "European Women's Championship"]
[Site "Vysoke Tatry"]
[Date "2018.04.14"]
[Round "7"]
[White "Cornette, Deimante"]
[Black "Injac, Teodora"]
[Result "1-0"]
[Board "31"]
[WhiteElo "2467"]
[WhiteTitle "IM"]
[WhiteCountry "LTU"]
[WhiteFideId "12802859"]
[WhiteEloChange "3"]
[BlackElo "2290"]
[BlackTitle "WIM"]
[BlackCountry "SRB"]
[BlackFideId "932400"]
[BlackEloChange "-5"]

1. e4 {[%clk 1:30:57]} e6 {[%clk 1:30:56]} 2. Qe2 {[%clk 1:31:21]} c5 {[%clk
1:30:49]} 3. g3 {[%clk 1:31:36]} Nc6 {[%clk 1:30:54]} 4. Bg2 {[%clk 1:31:51]} Be7
{[%clk 1:28:17]} 5. Nf3 {[%clk 1:31:15]} d6 {[%clk 1:22:47]} 6. O-O {[%clk
1:30:44]} Nf6 {[%clk 1:23:14]} 7. Rd1 {[%clk 1:30:53]} O-O {[%clk 1:23:19]} 8. d4
{[%clk 1:30:13]} cxd4 {[%clk 1:22:45]} 9. Nxd4 {[%clk 1:30:37]} Nxd4 {[%clk
1:22:50]} 10. Rxd4 {[%clk 1:31:01]} e5 {[%clk 1:23:13]} 11. Rd1 {[%clk 1:30:36]}
Bg4 {[%clk 1:22:48]} 12. Bf3 {[%clk 1:30:35]} Be6 {[%clk 1:22:11]} 13. c4 {[%clk
1:29:55]} Qc7 {[%clk 1:16:18]} 14. b3 {[%clk 1:26:26]} a6 {[%clk 1:12:39]} 15.
Bb2 {[%clk 1:18:04]} Rfc8 {[%clk 0:56:37]} 16. Nc3 {[%clk 1:17:32]} Rab8 {[%clk
0:46:08]} 17. a4 {[%clk 0:47:10]} Qb6 {[%clk 0:44:40]} 18. Rd3 {[%clk 0:47:07]}
Bd8 {[%clk 0:35:43]} 19. Qc2 {[%clk 0:44:00]} Qc6 {[%clk 0:26:24]} 20. Qd2 {[%clk
0:38:11]} Ne8 {[%clk 0:25:46]} 21. Qd1 {[%clk 0:34:26]} Bb6 {[%clk 0:19:39]} 22.
Nd5 {[%clk 0:29:40]} Bxd5 {[%clk 0:19:05]} 23. Rxd5 {[%clk 0:27:32]} Bc5 {[%clk
0:18:34]} 24. Rd3 {[%clk 0:25:11]} Nc7 {[%clk 0:16:28]} 25. Ba3 {[%clk 0:21:27]}
Ne6 {[%clk 0:15:03]} 26. Bxc5 {[%clk 0:17:51]} dxc5 {[%clk 0:14:11]} 27. Rd5
{[%clk 0:16:52]} Rd8 {[%clk 0:11:21]} 28. Bg4 {[%clk 0:16:47]} Qc7 {[%clk
0:09:57]} 29. Bxe6 {[%clk 0:11:57]} fxe6 {[%clk 0:10:24]} 30. Rxd8+ {[%clk
0:12:20]} Rxd8 {[%clk 0:10:38]} 31. Qg4 {[%clk 0:12:23]} Qc6 {[%clk 0:07:39]} 32.
h4 {[%clk 0:09:42]} Rd4 {[%clk 0:07:42]} 33. Re1 {[%clk 0:10:01]} Qd7 {[%clk
0:06:13]} 34. Re3 {[%clk 0:09:54]} Qf7 {[%clk 0:02:45]} 35. h5 {[%clk 0:07:41]}
h6 {[%clk 0:01:35]} 36. Rf3 {[%clk 0:07:57]} Qe7 {[%clk 0:01:39]} 37. Qg6 {[%clk
0:07:54]} Rd8 {[%clk 0:01:04]} 38. Kg2 {[%clk 0:07:56]} a5 {[%clk 0:01:09]} 39.
g4 {[%clk 0:05:23]} Rd6 {[%clk 0:00:43]} 40. Kh3 {[%clk 0:32:30]} b6 {[%clk
0:30:47]} 41. g5 {[%clk 0:29:08]} hxg5 {[%clk 0:18:45]} 42. h6 {[%clk 0:27:28]}
g4+ {[%clk 0:13:35]} 43. Qxg4 {[%clk 0:25:33]} Rd1 {[%clk 0:12:48]} 44. Kh2
{[%clk 0:20:36]} Rd6 {[%clk 0:06:40]} 45. hxg7 {[%clk 0:15:18]} Qxg7 {[%clk
0:00:56]} 46. Qh5 {[%clk 0:15:37]} Rd2 {[%clk 0:00:50]} 47. Qe8+ {[%clk 0:15:50]}
1-0

[Event "European Women's Championship"]
[Site "Vysoke Tatry"]
[Date "2018.04.14"]
[Round "7"]
[White "Novosadova, Kristyna"]
[Black "Bodnaruk, Anastasia"]
[Result "1/2-1/2"]
[Board "32"]
[WhiteElo "2240"]
[WhiteCountry "CZE"]
[WhiteFideId "328065"]
[WhiteEloChange "6"]
[BlackElo "2460"]
[BlackTitle "IM"]
[BlackCountry "RUS"]
[BlackFideId "4181751"]
[BlackEloChange "-3"]

1. d4 {[%clk 1:30:58]} Nf6 {[%clk 1:30:56]} 2. c4 {[%clk 1:31:22]} g6 {[%clk
1:31:22]} 3. Nc3 {[%clk 1:31:47]} Bg7 {[%clk 1:31:48]} 4. e4 {[%clk 1:32:02]} d6
{[%clk 1:32:11]} 5. h3 {[%clk 1:32:03]} O-O {[%clk 1:32:22]} 6. Be3 {[%clk
1:31:51]} e5 {[%clk 1:30:38]} 7. d5 {[%clk 1:32:09]} Na6 {[%clk 1:26:52]} 8. g4
{[%clk 1:30:00]} Nc5 {[%clk 1:26:24]} 9. Bg2 {[%clk 1:29:22]} Ne8 {[%clk
1:23:41]} 10. b4 {[%clk 1:21:35]} Na6 {[%clk 1:23:37]} 11. a3 {[%clk 1:04:54]} c6
{[%clk 1:10:14]} 12. Nge2 {[%clk 1:01:38]} cxd5 {[%clk 1:04:09]} 13. Nxd5 {[%clk
1:00:52]} Nac7 {[%clk 1:02:10]} 14. O-O {[%clk 0:57:36]} Nxd5 {[%clk 0:50:06]}
15. Qxd5 {[%clk 0:51:27]} h5 {[%clk 0:38:18]} 16. f3 {[%clk 0:44:15]} Be6 {[%clk
0:32:08]} 17. Qd3 {[%clk 0:40:36]} f5 {[%clk 0:31:08]} 18. exf5 {[%clk 0:34:09]}
gxf5 {[%clk 0:30:35]} 19. gxf5 {[%clk 0:33:41]} Bxf5 {[%clk 0:30:55]} 20. Qd5+
{[%clk 0:33:13]} Rf7 {[%clk 0:27:59]} 21. Ng3 {[%clk 0:28:12]} Nf6 {[%clk
0:24:23]} 22. Qd2 {[%clk 0:28:17]} Be6 {[%clk 0:24:20]} 23. Rac1 {[%clk 0:19:32]}
d5 {[%clk 0:21:09]} 24. cxd5 {[%clk 0:11:37]} Nxd5 {[%clk 0:20:32]} 25. Bg5
{[%clk 0:10:48]} Qb6+ {[%clk 0:17:40]} 26. Kh2 {[%clk 0:10:59]} Nf4 {[%clk
0:15:44]} 27. Ne4 {[%clk 0:10:54]} Rd7 {[%clk 0:13:05]} 28. Qc2 {[%clk 0:10:31]}
Bf5 {[%clk 0:12:47]} 29. Qc4+ {[%clk 0:07:50]} Kh8 {[%clk 0:11:30]} 30. Rfd1
{[%clk 0:06:46]} Rxd1 {[%clk 0:10:34]} 31. Rxd1 {[%clk 0:07:15]} Rc8 {[%clk
0:07:51]} 32. Qa2 {[%clk 0:03:15]} Qg6 {[%clk 0:00:48]} 33. Rd6 {[%clk 0:03:09]}
Ne6 {[%clk 0:01:12]} 34. h4 {[%clk 0:02:29]} Rc6 {[%clk 0:00:45]} 35. Qd2 {[%clk
0:01:22]} Bxe4 {[%clk 0:00:37]} 36. fxe4 {[%clk 0:01:32]} Qf7 {[%clk 0:00:44]}
37. Rd7 {[%clk 0:01:31]} Qg6 {[%clk 0:00:33]} 38. Rxb7 {[%clk 0:00:49]} Rc8
{[%clk 0:00:34]} 39. Rxa7 {[%clk 0:00:41]} Nd4 {[%clk 0:00:39]} 40. Rd7 {[%clk
0:30:35]} Rc2 {[%clk 0:30:32]} 41. Rxd4 {[%clk 0:31:03]} Rxd2 {[%clk 0:30:40]}
42. Rxd2 {[%clk 0:31:29]} Bh6 {[%clk 0:22:58]} 43. Bxh6 {[%clk 0:19:30]} Qxh6
{[%clk 0:23:24]} 44. Rf2 {[%clk 0:19:27]} Qa6 {[%clk 0:18:16]} 45. Rf3 {[%clk
0:17:01]} Kg7 {[%clk 0:14:33]} 46. Bf1 {[%clk 0:16:15]} Qc6 {[%clk 0:13:44]} 47.
Bg2 {[%clk 0:11:00]} Kh6 {[%clk 0:09:02]} 48. Rf5 {[%clk 0:08:06]} Qa6 {[%clk
0:08:18]} 49. Rf3 {[%clk 0:04:03]} Qc6 {[%clk 0:07:30]} 50. Rg3 {[%clk 0:04:04]}
Qa6 {[%clk 0:06:45]} 51. Rg5 {[%clk 0:03:15]} Qxa3 {[%clk 0:06:23]} 52. Bh3
{[%clk 0:02:43]} Qxb4 {[%clk 0:05:11]} 53. Bf5 {[%clk 0:02:57]} Qd2+ {[%clk
0:04:38]} 54. Rg2 {[%clk 0:02:49]} Qf4+ {[%clk 0:04:20]} 55. Kg1 {[%clk 0:02:00]}
Qf1+ {[%clk 0:03:46]} 1/2-1/2

[Event "European Women's Championship"]
[Site "Vysoke Tatry"]
[Date "2018.04.14"]
[Round "7"]
[White "Ionescu, Irina"]
[Black "Zawadzka, Jolanta"]
[Result "1/2-1/2"]
[Board "33"]
[WhiteElo "2247"]
[WhiteTitle "WGM"]
[WhiteCountry "ROU"]
[WhiteFideId "1204750"]
[WhiteEloChange "5"]
[BlackElo "2442"]
[BlackTitle "WGM"]
[BlackCountry "POL"]
[BlackFideId "1122320"]
[BlackEloChange "-3"]

1. d4 {[%clk 1:30:52]} Nf6 {[%clk 1:30:53]} 2. Nf3 {[%clk 1:31:15]} g6 {[%clk
1:31:20]} 3. g3 {[%clk 1:31:00]} Bg7 {[%clk 1:31:43]} 4. Bg2 {[%clk 1:31:25]} O-O
{[%clk 1:32:06]} 5. O-O {[%clk 1:31:49]} d6 {[%clk 1:32:32]} 6. b3 {[%clk
1:31:55]} a5 {[%clk 1:21:44]} 7. c4 {[%clk 1:26:36]} a4 {[%clk 1:17:34]} 8. Bb2
{[%clk 1:23:35]} c6 {[%clk 1:04:51]} 9. b4 {[%clk 1:10:03]} Nbd7 {[%clk 0:53:41]}
10. a3 {[%clk 1:08:22]} Qc7 {[%clk 0:49:11]} 11. Nc3 {[%clk 1:00:40]} Nb6 {[%clk
0:48:33]} 12. Nd2 {[%clk 1:00:38]} Rd8 {[%clk 0:38:10]} 13. e3 {[%clk 0:54:50]}
e5 {[%clk 0:33:58]} 14. d5 {[%clk 0:37:24]} Bg4 {[%clk 0:23:16]} 15. f3 {[%clk
0:34:46]} Bd7 {[%clk 0:23:42]} 16. Rc1 {[%clk 0:33:53]} Rdc8 {[%clk 0:22:28]} 17.
Qe2 {[%clk 0:28:55]} cxd5 {[%clk 0:20:43]} 18. cxd5 {[%clk 0:28:13]} Qb8 {[%clk
0:21:10]} 19. e4 {[%clk 0:26:08]} Bh6 {[%clk 0:20:43]} 20. f4 {[%clk 0:24:59]}
exf4 {[%clk 0:18:48]} 21. gxf4 {[%clk 0:24:55]} Re8 {[%clk 0:17:53]} 22. Qf2
{[%clk 0:23:11]} Qd8 {[%clk 0:17:37]} 23. e5 {[%clk 0:17:00]} Ng4 {[%clk
0:15:49]} 24. Qg3 {[%clk 0:15:51]} dxe5 {[%clk 0:16:01]} 25. Nde4 {[%clk
0:10:54]} exf4 {[%clk 0:15:31]} 26. Rxf4 {[%clk 0:10:55]} Bxf4 {[%clk 0:14:28]}
27. Qxf4 {[%clk 0:11:19]} Nc4 {[%clk 0:14:40]} 28. Ba1 {[%clk 0:08:32]} Bf5
{[%clk 0:11:26]} 29. h3 {[%clk 0:07:23]} Nge5 {[%clk 0:10:15]} 30. Ne2 {[%clk
0:04:50]} Rc8 {[%clk 0:08:08]} 31. N2g3 {[%clk 0:04:26]} Bxe4 {[%clk 0:07:17]}
32. Nxe4 {[%clk 0:04:48]} f5 {[%clk 0:07:24]} 33. Nc5 {[%clk 0:04:41]} Qd6 {[%clk
0:05:07]} 34. Nxb7 {[%clk 0:04:03]} Qb6+ {[%clk 0:02:38]} 35. Nc5 {[%clk
0:04:24]} Rxc5 {[%clk 0:03:05]} 36. bxc5 {[%clk 0:04:38]} Qxc5+ {[%clk 0:03:30]}
37. Qd4 {[%clk 0:01:48]} Qxd4+ {[%clk 0:02:06]} 38. Bxd4 {[%clk 0:02:14]} Nd6
{[%clk 0:02:09]} 39. Rc7 {[%clk 0:01:21]} Nb5 {[%clk 0:01:49]} 40. Bxe5 {[%clk
0:31:23]} Rxe5 {[%clk 0:32:13]} 41. Rb7 {[%clk 0:28:59]} Nd6 {[%clk 0:27:11]} 42.
Ra7 {[%clk 0:25:39]} Ne4 {[%clk 0:21:09]} 43. Rxa4 {[%clk 0:18:19]} Rxd5 {[%clk
0:21:34]} 44. Bxe4 {[%clk 0:18:14]} fxe4 {[%clk 0:22:00]} 45. Rxe4 {[%clk
0:18:39]} Rd3 {[%clk 0:22:27]} 46. Kg2 {[%clk 0:19:01]} Rxa3 {[%clk 0:22:53]} 47.
Re7 {[%clk 0:19:26]} Ra5 {[%clk 0:23:12]} 48. Kg3 {[%clk 0:19:38]} Rf5 {[%clk
0:23:37]} 49. Kg4 {[%clk 0:18:58]} Rf7 {[%clk 0:24:00]} 50. Re5 {[%clk 0:16:17]}
Kg7 {[%clk 0:24:25]} 51. Rb5 {[%clk 0:16:37]} Ra7 {[%clk 0:24:38]} 52. Rb4 {[%clk
0:16:44]} h5+ {[%clk 0:24:02]} 53. Kg3 {[%clk 0:16:10]} Ra3+ {[%clk 0:23:16]} 54.
Kg2 {[%clk 0:16:14]} Ra6 {[%clk 0:22:51]} 55. Kg3 {[%clk 0:15:42]} Kf6 {[%clk
0:23:09]} 56. Rc4 {[%clk 0:15:09]} Re6 {[%clk 0:23:12]} 57. Kf3 {[%clk 0:13:56]}
Re5 {[%clk 0:22:18]} 58. Ra4 {[%clk 0:13:13]} g5 {[%clk 0:22:08]} 59. Ra6+ {[%clk
0:13:01]} Kf5 {[%clk 0:22:25]} 60. Rh6 {[%clk 0:11:45]} Re8 {[%clk 0:20:47]} 61.
Ra6 {[%clk 0:12:01]} Rd8 {[%clk 0:18:23]} 62. Ra5+ {[%clk 0:12:04]} Kf6 {[%clk
0:18:46]} 63. h4 {[%clk 0:10:20]} gxh4 {[%clk 0:14:27]} 64. Rxh5 {[%clk 0:10:28]}
Rd4 {[%clk 0:14:54]} 65. Ra5 {[%clk 0:10:21]} Kg6 {[%clk 0:15:10]} 66. Ra6+
{[%clk 0:10:33]} Kf5 {[%clk 0:15:22]} 1/2-1/2

[Event "European Women's Championship"]
[Site "Vysoke Tatry"]
[Date "2018.04.14"]
[Round "7"]
[White "Mammadova, Gulnar"]
[Black "Mamedjarova, Turkan"]
[Result "1/2-1/2"]
[Board "34"]
[WhiteElo "2360"]
[WhiteTitle "IM"]
[WhiteCountry "AZE"]
[WhiteFideId "13403508"]
[WhiteEloChange "-2"]
[BlackElo "2274"]
[BlackTitle "WGM"]
[BlackCountry "AZE"]
[BlackFideId "13402005"]
[BlackEloChange "2"]

1. e4 {[%clk 1:30:57]} e5 {[%clk 1:30:53]} 2. Nf3 {[%clk 1:31:23]} Nc6 {[%clk
1:31:11]} 3. Bc4 {[%clk 1:31:46]} Bc5 {[%clk 1:31:30]} 4. d3 {[%clk 1:31:59]} Nf6
{[%clk 1:31:15]} 5. O-O {[%clk 1:32:13]} d6 {[%clk 1:31:02]} 6. c3 {[%clk
1:32:04]} O-O {[%clk 1:30:40]} 7. a4 {[%clk 1:31:16]} a6 {[%clk 1:30:45]} 8. Re1
{[%clk 1:31:12]} Ng4 {[%clk 1:31:01]} 9. Rf1 {[%clk 1:31:26]} Nf6 {[%clk
1:31:23]} 10. Re1 {[%clk 1:31:45]} Ng4 {[%clk 1:31:47]} 11. Rf1 {[%clk 1:32:09]}
1/2-1/2

[Event "European Women's Championship"]
[Site "Vysoke Tatry"]
[Date "2018.04.14"]
[Round "7"]
[White "Solozhenkina, Elizaveta"]
[Black "Buksa, Nataliya"]
[Result "1-0"]
[Board "35"]
[WhiteElo "2236"]
[WhiteTitle "WIM"]
[WhiteCountry "RUS"]
[WhiteFideId "34106615"]
[WhiteEloChange "13"]
[BlackElo "2357"]
[BlackTitle "WGM"]
[BlackCountry "UKR"]
[BlackFideId "14123622"]
[BlackEloChange "-13"]

1. e4 {[%clk 1:30:58]} c5 {[%clk 1:30:55]} 2. Nf3 {[%clk 1:31:25]} Nc6 {[%clk
1:31:21]} 3. Bb5 {[%clk 1:31:50]} g6 {[%clk 1:31:41]} 4. Bxc6 {[%clk 1:32:17]}
dxc6 {[%clk 1:31:59]} 5. d3 {[%clk 1:31:31]} Bg7 {[%clk 1:32:01]} 6. O-O {[%clk
1:31:37]} e5 {[%clk 1:23:59]} 7. Be3 {[%clk 1:31:52]} Qe7 {[%clk 1:24:19]} 8. a4
{[%clk 1:21:39]} Nf6 {[%clk 1:20:02]} 9. a5 {[%clk 1:20:13]} Bg4 {[%clk 1:16:42]}
10. Nbd2 {[%clk 1:15:25]} Nd7 {[%clk 1:16:59]} 11. h3 {[%clk 1:14:13]} Bxf3
{[%clk 1:12:44]} 12. Qxf3 {[%clk 1:08:37]} Nf8 {[%clk 1:11:49]} 13. Nc4 {[%clk
1:07:40]} Ne6 {[%clk 1:11:34]} 14. c3 {[%clk 1:07:56]} O-O {[%clk 1:05:02]} 15.
Qe2 {[%clk 0:56:18]} Rad8 {[%clk 0:48:27]} 16. g3 {[%clk 0:39:19]} f5 {[%clk
0:47:42]} 17. exf5 {[%clk 0:37:27]} gxf5 {[%clk 0:44:17]} 18. f4 {[%clk 0:36:34]}
exf4 {[%clk 0:36:46]} 19. Bxf4 {[%clk 0:36:25]} Rfe8 {[%clk 0:35:17]} 20. Be3
{[%clk 0:18:07]} Qd7 {[%clk 0:28:56]} 21. Rad1 {[%clk 0:18:15]} b5 {[%clk
0:29:08]} 22. axb6 {[%clk 0:17:09]} axb6 {[%clk 0:29:37]} 23. Nxb6 {[%clk
0:12:41]} Qc7 {[%clk 0:21:02]} 24. Nc4 {[%clk 0:13:05]} f4 {[%clk 0:21:05]} 25.
gxf4 {[%clk 0:11:59]} Nxf4 {[%clk 0:21:33]} 26. Bxf4 {[%clk 0:10:46]} Qd7 {[%clk
0:18:58]} 27. Qg4 {[%clk 0:09:13]} Re6 {[%clk 0:19:26]} 28. Kh2 {[%clk 0:09:22]}
Qe8 {[%clk 0:19:30]} 29. Rf2 {[%clk 0:08:50]} Kh8 {[%clk 0:19:23]} 30. Rg1 {[%clk
0:06:18]} Rg6 {[%clk 0:19:38]} 31. Qe2 {[%clk 0:06:37]} Re6 {[%clk 0:19:53]} 32.
Qf3 {[%clk 0:06:51]} Qd7 {[%clk 0:20:20]} 33. Qg4 {[%clk 0:06:19]} Qe7 {[%clk
0:20:04]} 34. Bg5 {[%clk 0:05:40]} Qc7+ {[%clk 0:20:33]} 35. Qg3 {[%clk 0:04:39]}
1-0